Were They Alive at the Same Time? - Statistics

General Stats
  • This quiz has been taken 765 times
  • The average score is 10 of 18
Answer Stats
Question Answer % Correct
George Washington & Abraham Lincoln No
76%
Walt Disney & Kanye West No
76%
Orville Wright & Neil Armstrong Yes
74%
Albert Einstein & Stephen Hawking Yes
70%
Adolf Hitler & Donald Trump No
67%
Napoleon Bonaparte & Karl Marx Yes
67%
Mohandas Gandhi & Ben Kingsley Yes
63%
Charlie Chaplin & Robert Downey Jr. Yes
62%
Theodore Roosevelt & Kirk Douglas Yes
60%
Martin Luther King Jr. & Jay-Z No
59%
Al Capone & Robin Williams No
52%
Johann Sebastian Bach & Wolfgang Amadeus Mozart No
46%
Thomas Edison & Warren Buffett Yes
46%
Frank Sinatra & Justin Bieber Yes
45%
Queen Victoria & Dr. Seuss No
43%
Wyatt Earp & Paul Newman Yes
43%
Winston Churchill & Brad Pitt Yes
41%
Susan B. Anthony & Nelson Mandela No
28%
No matching quizzes found
Score Distribution
Percent of People with Each Score
Percentile by Number Answered
Your Score History
You have not taken this quiz